| 000 | 01484nam a22003137a 4500 | ||
|---|---|---|---|
| 001 | EPSA 0254 | ||
| 003 | gtcocun | ||
| 005 | 20250918193255.0 | ||
| 006 | a||||gr|||| 00| 0 | ||
| 007 | ta | ||
| 008 | 250918b2023 gt ||||| m||| 00| 0 eng d | ||
| 040 |
_agtcocun _bSPA _cgtcocun _eRDA |
||
| 041 | _aSPA EPSA 0254 | ||
| 084 | _0EPSA 0254 | ||
| 100 |
_aOxom Ramírez, Daniel Fernando _eAutor |
||
| 245 |
_aINFORME FINAL DEL EJERCICIO PROFESIONAL SUPERVISADO REALIZADO EN CONSTRUCTORA Y TRANSPORTES J.P., S.A., COBÁN, ALTA VERAPAZ./ _cDaniel Fernando Oxom Ramírez. _hImpreso |
||
| 264 |
_aCobán, Alta Verapaz: _bUniversidad de San Carlos de Guatemala, Centro Universitario del Norte, Licenciatura en Administración de Empresas _c2023 |
||
| 300 |
_a51 p.: _bIlustraciones, gráficas. _c28 cm; |
||
| 336 |
_2rdacontenido _aTexto _btxt |
||
| 337 |
_2rdamedio _aComputadora _bn |
||
| 338 |
_2rdasoporte _aCódigo en línea _bcr |
||
| 502 | _eEPSA 0254 | ||
| 502 |
_aEjercicio Profesional Supervisado _bLicenciatura en Administración de Empresas, _cUniversidad de San Carlos de Guatemala, Centro Universitario del Norte, Licenciatura en Administración de Empresas _d2023 _oEPSA 0254 |
||
| 650 | 1 | 4 |
_2LEMB _aCobán, Alta Verapaz _xAdministración _xTransportes _xConstructora _xSociedad anonima _xRecursos |
| 700 | _eAsesor | ||
| 856 |
_uSin archivo en línea. _zSin archivo en línea. _yPDF |
||
| 942 |
_2ddc _cTES _iEPSA 0254 _kClasificación _n0 _6EPSA_0254_000000000000000 |
||
| 999 |
_c1967 _d1967 |
||